000 00538nam a22001937a 4500
005 20251108165839.0
008 250721s2002 xx 000 0 ara d
082 1 4 _a218.2/شحا
100 1 _aشحادة، صبحي
245 1 0 _aمنهاج المسلم و آدابه /
264 1 _aعمان :
_bدار البيت العتيق،
_c2002.
300 _a127ص
650 1 7 _aالإسلام
650 1 7 _aالفضائل
650 1 7 _aالإيمان
650 1 7 _aالآداب الإسلامية
942 _2ddc
_cBK
999 _c32823
_d32823